[Event "CP-2014-Q-00006"]
[White "Schrancz, Istvan"]
[Black "Grego, Luis Jose Gonzaga"]
[Site "LSS email"]
[Round "?"]
[Result "1/2-1/2"]
[Date "2014.12.02"]
[WhiteElo "2243"]
[BlackElo "2172"]
[PlyCount "26"]
[EventDate "2014.12.08"]
[EventType "tourn (corr)"]
[EventRounds "6"]
[EventCountry "GER"]
[SourceTitle "Corr 2022"]
[Source "ChessBase"]
[SourceDate "2021.10.24"]
[SourceVersion "1"]
[SourceVersionDate "2021.10.24"]
[SourceQuality "1"]

1. d4 Nf6 2. c4 g6 3. f3 Bg7 4. e4 d6 5. Nc3 0-0 6. Bg5 Nbd7 7. Qd2 a6 8. Nh3 c6 9. Nf2 b5 10. Rc1 Qa5 11. b3 c5 12. d5 b4 13. Ncd1 Qc7 1/2-1/2

[Event "CP-2014-Q-00006"]
[White "Schrancz, Istvan"]
[Black "Szczepanski, Zbigniew"]
[Site "LSS email"]
[Round "?"]
[Result "1/2-1/2"]
[Date "2014.12.02"]
[WhiteElo "2243"]
[BlackElo "2519"]
[PlyCount "43"]
[EventDate "2014.12.08"]
[EventType "tourn (corr)"]
[EventRounds "6"]
[EventCountry "GER"]
[SourceTitle "Corr 2022"]
[Source "ChessBase"]
[SourceDate "2021.10.24"]
[SourceVersion "1"]
[SourceVersionDate "2021.10.24"]
[SourceQuality "1"]

1. d4 Nf6 2. c4 g6 3. f3 Bg7 4. e4 0-0 5. Nc3 d6 6. Be3 Nfd7 7. Qd2 c5 8. d5 Qa5 9. Bh6 Bxc3 10. Qxc3 Qxc3+ 11. bxc3 Re8 12. Nh3 Ne5 13. Nf2 f5 14. exf5 gxf5 15. Be2 Nbd7 16. g4 Nf7 17. Bf4 fxg4 18. Nxg4 Nf6 19. Nh6+ Nxh6 20. Bxh6 Kf7 21. Bd3 Rg8 22. Kf2 1/2-1/2

[Event "CP-2014-Q-00006"]
[White "Zavrazhnov, Andrej"]
[Black "Schrancz, Istvan"]
[Site "LSS email"]
[Round "?"]
[Result "1-0"]
[Date "2014.12.02"]
[WhiteElo "2322"]
[BlackElo "2243"]
[PlyCount "89"]
[EventDate "2014.12.08"]
[EventType "tourn (corr)"]
[EventRounds "6"]
[EventCountry "GER"]
[SourceTitle "Corr 2022"]
[Source "ChessBase"]
[SourceDate "2021.10.24"]
[SourceVersion "1"]
[SourceVersionDate "2021.10.24"]
[SourceQuality "1"]

1. e4 e6 2. d4 d5 3. Nc3 Nf6 4. Bg5 Bb4 5. e5 h6 6. Bd2 Bxc3 7. bxc3 Ne4 8. Qg4 Kf8 9. Nf3 c5 10. Bd3 Nxd2 11. Kxd2 c4 12. Be2 Nc6 13. a4 Bd7 14. Qf4 Rb8 15. Rhb1 Kg8 16. Ke1 Qa5 17. Qd2 Ne7 18. Qc1 Kh7 19. Qa3 Ng6 20. h4 Rhc8 21. h5 Nf4 22. g3 Nxe2 23. Kxe2 Rf8 24. Kf1 Kg8 25. Kg2 Qd8 26. a5 Be8 27. Rh1 Rc8 28. Qb4 Rc7 29. Rh4 Qe7 30. Qxe7 Rxe7 31. Nh2 f5 32. Nf3 f4 33. g4 g5 34. hxg6 Bxg6 35. Ng1 Kg7 36. Rc1 Rh8 37. Nh3 Rf8 38. Kf3 Ref7 39. Ke2 Be4 40. f3 Bg6 41. Kd2 Rh8 42. Rh1 Rff8 43. a6 b6 44. Rh2 Be8 45. g5 1-0